Betinho, king of the night. (Record no. 13636)

000 -LEADER
fixed length control field 00580nam a2200193 a 4500
001 - CONTROL NUMBER
control field :::00011459$&:&@@
003 - CONTROL NUMBER IDENTIFIER
control field OkBaRHE
005 - DATE AND TIME OF LATEST TRANSACTION
control field 20000607103408.0
008 - FIXED-LENGTH DATA ELEMENTS--GENERAL INFORMATION
fixed length control field s1963 j 000 0 eng u
040 ## - CATALOGING SOURCE
Transcribing agency
100 1# - MAIN ENTRY--PERSONAL NAME
Personal name Sumrall, Lester Frank, 1913-
245 10 - TITLE STATEMENT
Title Betinho, king of the night.
260 ## - PUBLICATION, DISTRIBUTION, ETC. (IMPRINT)
Place of publication, distribution, etc South Bend, IN., :
Name of publisher, distributor, etc LeSEA
Date of publication, distribution, etc c1963
300 ## - PHYSICAL DESCRIPTION
Extent 37 p. ;
Dimensions 22 cm.
650 ## - SUBJECT ADDED ENTRY--TOPICAL TERM
Topical term or geographic name as entry element Barros, Betinho Borges de, 1917-
650 ## - SUBJECT ADDED ENTRY--TOPICAL TERM
Topical term or geographic name as entry element Converts
942 ## - ADDED ENTRY ELEMENTS (KOHA)
Source of classification or shelving scheme
Koha item type Books
Copies
Date last seen Source of classification or shelving scheme Copy number Damaged status Price effective from Not for loan Withdrawn status Date acquired Barcode Lost status Permanent Location Koha item type Full call number Shelving location
2010-04-14 1 2010-04-14  2010-04-1411459 RHEMA Bible Training CollegeBooksBV 4935 .B3S8General Stacks